Manual de nuevos perfiles profesionales para el periodismo y la no ficción (Registro nro. 323939)

Detalles MARC
000 -ENCABEZADO
Número de control [NR] 00781nam a22002057a 4500
005 - FECHA Y HORA DE LA ÚLTIMA TRANSACCIÓN
control field 20240523113037.0
008 - DE LONGITUD FIJA DE DATOS DE ELEMENTOS - INFORMACIÓN GENERAL
Elementos de longitud fija [NR] 240304t ||||| |||| 00| 0 spa d
020 ## - NUMERO INTERNACIONAL NORMALIZADO PARA LIBROS [R]
Número Internacional Normalizado del libro [NR] 9788411830492
040 ## - FUENTE DE CATALOGACION [NR]
Agencia de catalogación original [NR] CO-BoUCM
Quien Cataloga David Moreno
Quien Clasifica David Moreno
041 ## - CODIGO DE IDIOMA [R]
Código de idioma para texto/pista de sonido o título separado [R] Español
100 1# - ASIENTO PRINCIPAL--NOMBRE PERSONAL [NR]
Nombre personal [NR] Rojas Torrijos, José Luis
ID Autoridad 180163
245 10 - MENCION DE TITULO [NR]
Título [NR] Manual de nuevos perfiles profesionales para el periodismo y la no ficción
Mención de responsabilidad, etc. [NR] José Luis Rojas Torrijos, Susana Herrera Damas
260 ## - PUBLICACION, DISTRIBUCION, ETC. (PIE DE IMPRENTA) [R]
Lugar de publicación, distribución, etc. [R] Valencia
Nombre del editor, distribuidor, etc. [R] Tirant Humanidades
Fecha de publicación, distribución, etc. [R] 2023
300 ## - DESCRIPCION FISICA [R]
Extensión [R] 210 Páginas
650 17 - ASIENTO SECUNDARIO DE MATERIA - TERMINO TEMATICO [R]
Término temático o nombre geográfico como elemento de entrada [NR] Periodismo
Subdivisión general [R] Informacion publica
9 (RLIN) 180164
650 17 - ASIENTO SECUNDARIO DE MATERIA - TERMINO TEMATICO [R]
Término temático o nombre geográfico como elemento de entrada [NR] Periodistas
Subdivisión general [R] Etica periodistica
9 (RLIN) 180165
700 1# - ASIENTO SECUNDARIO - NOMBRE PERSONAL [R]
Nombre personal [NR] Herrera Damas, Susana
9 (RLIN) 180162
942 ## - ELEMENTOS DE ENTRADA AGREGADOS (KOHA)
Sistema de clasificación DEWEY
Tema principal Comunicación
Tipo de ítem principal el descrito en 300a Libro
Edición 1
Clasificación 070.92
Parte restante de la signatura top. R741m
Título oculto en OPAC No
Existencias
Fecha de último préstamo Total préstamos Total Renewals Signatura topográfica Código de barras Última vez visto Ejemplar Price effective from Tipo de ítem Perdido Sistema de clasificación Dañado No prestable Tipo de ítem específico Suprimido Ubicación habitual Ubicación actual Localización Fecha de creación Forma de adquisición Costo
07/03/2024 1 3 070.92 R741m 100172373 05/12/2025 Ej.1 04/03/2024 Libro   DEWEY     Libro   Claustro Claustro 2do piso 04/03/2024 Compra 75000.00